Magyarország megyéi - Hirtelen halál - Statistics

General Stats
  • This quiz has been taken 33 times
  • The average score is 19 of 20
Answers on the Grid
Answers color-coded by a green-red scale on the quiz's grid according to % correct below.
Bács-Kiskun
Balaton
Baranya
Békés
Borsod-Abaúj-Zemplén
Budapest
Burgenland
Csongrád-Csanád
Debrecen
Dél-Szlovákia
Erdély
Észak-Magyarország
Észak-Vajdaság
Fejér
Győr-Moson-Sopron
Hajdú-Bihar
Heves
Jász-Nagykun-Szolnok
Komárom-Esztergom
Miskolc
Nógrád
Pest
Somogy
Szabolcs-Szatmár-Bereg
Szeged
Tiszántul
Tolna
Vas
Veszprém
Zala
 
Answer Stats
Answer % Correct
Bács-Kiskun
100%
Baranya
100%
Pest
100%
Békés
96%
Borsod-Abaúj-Zemplén
96%
Csongrád-Csanád
96%
Fejér
96%
Győr-Moson-Sopron
96%
Hajdú-Bihar
96%
Heves
96%
Jász-Nagykun-Szolnok
96%
Komárom-Esztergom
96%
Nógrád
96%
Somogy
96%
Szabolcs-Szatmár-Bereg
96%
Tolna
96%
Zala
96%
Vas
91%
Veszprém
91%
Budapest
83%
No matching quizzes found
Score Distribution
Percent of People with Each Score
Percentile by Number Answered
Your Score History
You have not taken this quiz